000 00312 a2200109 4500
001 ART_47175
005 20260410161850.0
008 260409a
245 1 0 _aSindicatos y conflictos laborales
100 1 _aMontuschi, Luisa
773 0 _tEconómica
_g- Año XLII, Nº 1/2 (ene. 1996)
_wREV7541
999 _c24940
_d24940